[Event "Королевский Гамбит. Южный Федеральный округ."]
[Date "2025-11-21"]
[Round "7.12"]
[Board "12"]
[White "Кукса Ирина"]
[WhiteElo "1055"]
[Black "Королева Лидия"]
[BlackElo "1008"]
[WebSite "https://www.chessopen.ru"]
[GameId "491612e1-ab7f-4f10-8680-f59b13f04827"]
[Result "1-0"]

1. e4 { [%clk 0:10:01] } d5 { [%clk 0:09:56] } 2. exd5 { [%clk 0:10:00] } e6 {
[%clk 0:09:55] } 3. dxe6 { [%clk 0:09:57] } fxe6 { [%clk 0:09:57] } 4. Nc3 {
[%clk 0:09:58] } a5 { [%clk 0:09:51] } 5. Nf3 { [%clk 0:09:57] } Ra6 { [%clk
0:09:53] } 6. Bxa6 { [%clk 0:09:29] } bxa6 { [%clk 0:09:51] } 7. Qe2 { [%clk
0:09:30] } Nh6 { [%clk 0:09:45] } 8. d4 { [%clk 0:09:26] } Nc6 { [%clk 0:09:38]
} 9. O-O { [%clk 0:09:25] } Nf5 { [%clk 0:09:28] } 10. Be3 { [%clk 0:09:25] }
Ncxd4 { [%clk 0:09:03] } 11. Bxd4 { [%clk 0:09:26] } Nxd4 { [%clk 0:09:02] }
12. Nxd4 { [%clk 0:09:28] } Qxd4 { [%clk 0:09:02] } 13. Rad1 { [%clk 0:09:28] }
Qb4 { [%clk 0:08:43] } 14. Nd5 { [%clk 0:09:17] } Qd6 { [%clk 0:08:27] } 15.
Nf6+ { [%clk 0:09:15] } gxf6 { [%clk 0:08:26] } 16. Rxd6 { [%clk 0:09:17] }
cxd6 { [%clk 0:08:27] } 17. Qh5+ { [%clk 0:09:14] } Ke7 { [%clk 0:08:25] } 18.
Qxa5 { [%clk 0:09:15] } Ke8 { [%clk 0:08:21] } 19. Qc7 { [%clk 0:09:15] } Bd7 {
[%clk 0:08:17] } 20. Rd1 { [%clk 0:09:08] } d5 { [%clk 0:08:14] } 21. c4 {
[%clk 0:09:03] } Ba4 { [%clk 0:08:05] } 22. b3 { [%clk 0:08:52] } Rg8 { [%clk
0:07:37] } 23. cxd5 { [%clk 0:08:43] } Bb5 { [%clk 0:07:35] } 24. dxe6 { [%clk
0:08:42] } Bh6 { [%clk 0:07:22] } 25. Rd8# { [%clk 0:08:43] } 1-0

[Event "Королевский Гамбит. Южный Федеральный округ."]
[Date "2025-11-21"]
[Round "7.12"]
[Board "12"]
[White "Моргунова Инна"]
[WhiteElo "1009"]
[Black "Евгения Ефимец"]
[BlackElo "961"]
[WebSite "https://www.chessopen.ru"]
[GameId "d736be12-b8f4-4108-bdcc-8471a3df113a"]
[Result "0-1"]

1. e4 { [%clk 0:09:59] } Nh6 { [%clk 0:09:59] } 2. d3 { [%clk 0:10:00] } g6 {
[%clk 0:09:52] } 3. Nf3 { [%clk 0:09:59] } Bg7 { [%clk 0:09:52] } 4. g3 { [%clk
0:10:00] } O-O { [%clk 0:09:53] } 5. Bh3 { [%clk 0:10:00] } d6 { [%clk 0:09:49]
} 6. O-O { [%clk 0:10:00] } Bxh3 { [%clk 0:09:47] } 7. Re1 { [%clk 0:09:59] }
Bg4 { [%clk 0:09:41] } 8. Re3 { [%clk 0:09:54] } Bxf3 { [%clk 0:09:37] } 9.
Rxf3 { [%clk 0:09:53] } a6 { [%clk 0:09:08] } 10. Nc3 { [%clk 0:09:52] } Nc6 {
[%clk 0:08:54] } 11. Bg5 { [%clk 0:09:51] } f6 { [%clk 0:08:45] } 12. Bh4 {
[%clk 0:09:51] } g5 { [%clk 0:08:43] } 13. Bxg5 { [%clk 0:09:47] } fxg5 { [%clk
0:08:43] } 14. Rxf8+ { [%clk 0:09:43] } Qxf8 { [%clk 0:08:44] } 15. Qe2 { [%clk
0:09:41] } Bxc3 { [%clk 0:08:41] } 16. bxc3 { [%clk 0:09:39] } Ne5 { [%clk
0:08:42] } 17. d4 { [%clk 0:09:38] } Nf3+ { [%clk 0:08:35] } 18. Kg2 { [%clk
0:09:34] } g4 { [%clk 0:08:27] } 19. Rb1 { [%clk 0:09:22] } Qf7 { [%clk
0:08:21] } 20. Rxb7 { [%clk 0:09:19] } Qg6 { [%clk 0:08:19] } 21. Rxc7 { [%clk
0:09:14] } Qh5 { [%clk 0:08:14] } 22. Rxe7 { [%clk 0:09:01] } Qxh2+ { [%clk
0:08:02] } 23. Kf1 { [%clk 0:07:48] } Qg1# { [%clk 0:07:56] } 0-1

[Event "Королевский Гамбит. Южный Федеральный округ."]
[Date "2025-11-21"]
[Round "7.12"]
[Board "12"]
[White "Панова Виктория"]
[WhiteElo "950"]
[Black "Гринь Мария"]
[BlackElo "998"]
[WebSite "https://www.chessopen.ru"]
[GameId "b1764d80-b60d-48fe-adaf-de4ac0b48cb8"]
[Result "1-0"]

1. d4 { [%clk 0:10:00] } d5 { [%clk 0:09:56] } 2. Bf4 { [%clk 0:09:57] } Nf6 {
[%clk 0:09:38] } 3. Nf3 { [%clk 0:09:56] } e6 { [%clk 0:09:32] } 4. e3 { [%clk
0:09:55] } Bb4+ { [%clk 0:09:23] } 5. Nfd2 { [%clk 0:09:49] } Ba5 { [%clk
0:09:14] } 6. Bb5+ { [%clk 0:09:47] } Kf8 { [%clk 0:09:05] } 7. Nc3 { [%clk
0:09:38] } Nbd7 { [%clk 0:08:44] } 8. Qe2 { [%clk 0:09:14] } Ne4 { [%clk
0:08:21] } 9. f3 { [%clk 0:09:04] } Nef6 { [%clk 0:08:10] } 10. h4 { [%clk
0:08:34] } g6 { [%clk 0:08:06] } 11. Rh3 { [%clk 0:08:32] } Nb6 { [%clk
0:07:52] } 12. Rg3 { [%clk 0:08:11] } h5 { [%clk 0:07:21] } 13. O-O-O { [%clk
0:07:54] } Na4 { [%clk 0:06:56] } 14. Nxa4 { [%clk 0:07:49] } b6 { [%clk
0:06:30] } 15. Bg5 { [%clk 0:07:00] } e5 { [%clk 0:06:22] } 16. dxe5 { [%clk
0:06:56] } Qe7 { [%clk 0:06:14] } 17. Bxf6 { [%clk 0:06:53] } Rg8 { [%clk
0:06:01] } 18. Bxe7+ { [%clk 0:06:53] } Kxe7 { [%clk 0:05:55] } 19. Bc6 { [%clk
0:06:48] } Kf8 { [%clk 0:05:48] } 20. Bxa8 { [%clk 0:06:42] } Bd7 { [%clk
0:05:42] } 21. b3 { [%clk 0:06:24] } Bc6 { [%clk 0:05:27] } 22. Bxc6 { [%clk
0:06:24] } Rg7 { [%clk 0:05:16] } 23. Bxd5 { [%clk 0:06:24] } f5 { [%clk
0:05:09] } 24. Qa6 { [%clk 0:06:15] } Ke7 { [%clk 0:05:05] } 25. Qxa7 { [%clk
0:06:07] } Rg8 { [%clk 0:05:02] } 26. Qxc7+ { [%clk 0:06:06] } Kf8 { [%clk
0:05:00] } 27. Qd8+ { [%clk 0:05:59] } Kg7 { [%clk 0:05:00] } 28. Qxg8+ { [%clk
0:05:52] } Kh6 { [%clk 0:05:00] } 29. Qxg6# { [%clk 0:05:47] } 1-0